| 000 | 01997cad a2200289 4500 | ||
|---|---|---|---|
| 001 | L159064 | ||
| 008 | 100215n2013 000 0 eng u | ||
| 020 | _a9781783210305 | ||
| 035 | _a(Sirsi) u159064 | ||
| 041 | _aeng | ||
| 100 | 1 | _aOkumbe, J. O. | |
| 111 | 2 |
_aConstruction and Building Research Conference _cIIT Delhi, New Delhi _d10-12 September 2013 |
|
| 245 | 0 | 0 |
_aRisk avoidance of inadequate estimation of construction contingency sums in South Africa _h[electronic resource] |
| 260 |
_aLondon _bRICS _c2013 |
||
| 490 | 0 |
_aCOBRA _v2013 |
|
| 520 | _aA paper presented at the COBRA Conference in New Delhi on 10-12 September 2013. Investigates by identifying the shortcomings within the current mechanisms to limit financial risks in order to develop a new method that can be used to reduce construction cost overruns in South Africa caused during the estimation of contingency sums. The findings and results of the research were used to propose new additional methods aimed at reducing the financial risks and disputes caused by the identified items of risks within the contingency sums in South Africa. The research is aimed at adding more value to the industry if implemented by eliminating these items of risk which still lead to persistent cost overruns which cannot be managed effectively by the existing traditional method which allows the use of a percentage only in calculating the contingency sums. | ||
| 650 | 2 | 4 | _aCONSTRUCTION AND BUILDING RESEARCH CONFERENCE (COBRA) |
| 650 | 2 | 4 | _aBUILT ENVIRONMENT-QUANTITY SURVEYING-CONSTRUCTION COST ESTIMATING |
| 650 | 2 | 4 | _aCOSTS |
| 650 | 2 | 4 | _aCONTINGENCY PLANNING |
| 651 | 4 | _aSouth Africa | |
| 690 |
_aQuantity surveying _96263 |
||
| 700 | 1 | _aTalukhaba, A. A. | |
| 700 | 1 | _aNdambuki, J. M. | |
| 856 | 4 | 0 |
_uhttps://www.rics.org/Global/Paper%20144%20RISK%20AVOIDANCE%20OF%20INADEQUATE%20ESTIMATION%20OF%20CONSTRUCTION%20CONTINGENCY%20SUMS%20IN%20SOUTH%20AFRICA.pdf _zView this item free of charge at www.rics.org |
| 942 | _n0 | ||
| 999 |
_c115658 _d115658 |
||